Zhodnotenie odvodového zaťaženia ako kritéria pre výber z dohôd o prácach vykonávaných mimo pracovného pomeru v SR a vybranej krajine diplomová práca

Enregistré dans:
Détails bibliographiques
Auteur principal: Lániková, Adela
Collectivité auteur: Fakulta hospodárskej informatiky EU. Katedra účtovníctva a audítorstva
Autres auteurs: Stanley, Renáta, 1981-
Format: Livre
Langue:slovaque
Publié: Bratislava 2025
Tags: Ajouter un tag
Pas de tags, Soyez le premier à ajouter un tag!

MARC

LEADER 00000nbm a2200000 4500
001 0310550
005 20260317112809.0
041 0 |a slo 
044 |a SK 
245 1 0 |a Zhodnotenie odvodového zaťaženia ako kritéria pre výber z dohôd o prácach vykonávaných mimo pracovného pomeru v SR a vybranej krajine  |b diplomová práca  |c Adela Lániková ; školiteľ: Renáta Stanley 
264 1 |a Bratislava  |c 2025 
300 |a 78 s. 
100 1 |a Lániková, Adela 
700 1 |a Stanley, Renáta, 1981- 
710 2 |a Fakulta hospodárskej informatiky EU. Katedra účtovníctva a audítorstva